000 00565nam a2200229Ia 4500
003 OSt
005 20220924142910.0
006 a|||||r|||| 00| 0
007 ta
008 ASM
024 _a303734
037 _cTextual
040 _aARTS
_cARTS
_bASM
041 _2ASM
_aASM
082 _aO158m261,M86<-M85, M4
100 _aSaikia Nagen Ed.
_9214260
245 0 _aAsam bandhu
260 _c1984
650 _aASSAMESE LITERATURE
_911738
942 _hO158m261,M86<-M85, M4
_cTEXL
_2CC
999 _c452373
_d452373